Гендерні стереотипи в англійській літературі 1920-30-х рр. (на матеріалах публіцистики Бернарда Шоу та Вірджинії Вулф) (Запис № 285461)

МАРК-запис
000 -LEADER
fixed length control field 01696nam a22001577a 4500
041 ## - LANGUAGE CODE
Language code of text/sound track or separate title ukr
080 ## - UNIVERSAL DECIMAL CLASSIFICATION NUMBER
Universal Decimal Classification number 09
090 ## - LOCALLY ASSIGNED LC-TYPE CALL NUMBER (OCLC); LOCAL CALL NUMBER (OCLC)
Local cutter number (OCLC) ; Book number/undivided call number, CALL (RLIN) ПАВ
100 ## - MAIN ENTRY--PERSONAL NAME
Personal name Павлич, Т. В.
245 ## - TITLE STATEMENT
Title Гендерні стереотипи в англійській літературі 1920-30-х рр. (на матеріалах публіцистики Бернарда Шоу та Вірджинії Вулф)
260 ## - PUBLICATION, DISTRIBUTION, ETC. (IMPRINT)
Place of publication, distribution, etc Острог
Name of publisher, distributor, etc КАФ
Date of publication, distribution, etc 2014
300 ## - PHYSICAL DESCRIPTION
Extent 60
520 ## - SUMMARY, ETC.
Summary, etc Вступ.<br/>Розділ І. Історичні аспекти творчості Б. Шоу та В. Вулф.<br/>1.1. Жіноча емансипація в кінці ХІХ на початку ХХ ст.<br/>1.2. "Нова література": модернізм як стиль В. Вулф<br/>1.3. "Нова драма": театральна реформа Б. Шоу<br/>Розділ ІІ. Зображення гендерних стереотипів у творах Б. Шоу та В. Вулф.<br/>2.1. Що приховують сторінки пєси Б. Шоу "Будинок, де розбиваються серця"?<br/>2.2. Гендерні стереотипи у професійній діяльності у пєсі "Візок з яблуками" Б. Шоу<br/>2.3. Руйнування гендерних стереотипів у романі В. Вулф "Місіс Делловей"<br/>2.4. Мала проза В. Вулф: глибокі підвалини руйнування стереотипів<br/>Висновки.<br/>Список використаної літератури.<br/>Додатки.
-- літературознавство, гендер, В.Вулф, Б.Шоу
650 ## - SUBJECT ADDED ENTRY--TOPICAL TERM
Topical term or geographic name as entry element Research Papers
942 ## - ADDED ENTRY ELEMENTS (KOHA)
Koha item type Книги
Фонди
Withdrawn status Lost status Source of classification or shelving scheme Damaged status Not for loan Home library Current library Date acquired Source of acquisition Cost, normal purchase price Total Checkouts Full call number Barcode Date last seen Price effective from Koha item type
    Universal Decimal Classification     ВІЛ - Відділ іноземн. літератури НБ ВІЛ - Відділ іноземн. літератури НБ 17/06/2014 Акт №8 1.00   09 215481 10/11/2021 17/06/2014 Книги